Ancient and Islamic rock inscriptions of South Sinai /

محفوظ في:

المؤلف الرئيسي: Kawatoko, Mutsuo (مؤلف)

مؤلفون آخرون: Tokunaga, Risa., Iizuka, Masato, 1960-

التنسيق: كتاب

اللغة: English

منشور في: Tokyo : [Middle Eastern Culture Center in Japan : Research Institute for Languages and Cultures of Asia and Africa, Tokyo University of Foreign Studies], 2006.

الموضوعات:

الوسوم: إضافة وسم

لا توجد وسوم, كن أول من يضع وسما على هذه التسجيلة!

رقم الطلب: CN1311 .S56 K38 2006

LEADER 01042namaa2200289 4500
001 22109
003 OSt
005 20251113082324.0
008 130303s2006 ja abf b 000 0 eng d
010 |a 2007553960 
020 |a 4872979249 
040 |c ARCE Library 
043 |a f-ua--- 
050 4 |a CN1311 .S56 K38 2006  |b   
100 1 |a Kawatoko, Mutsuo,  |e author  |9 33671 
245 1 0 |a Ancient and Islamic rock inscriptions of South Sinai /   |c M. Kawatoko, R. Tokunaga, and M. Iizuka. 
264 1 |a Tokyo :  |b [Middle Eastern Culture Center in Japan :  |b Research Institute for Languages and Cultures of Asia and Africa, Tokyo University of Foreign Studies],  |c 2006. 
300 |a i, 128 pages, 8 pages of plates :   |b illustrations, maps, plates,  |c 30 cm. 
504 |a Includes bibliographical references. 
555 |a Sara.lib 
650 0 |a Islamic inscriptions  |z Egypt  |z Sinai. 
651 0 |a Egypt  |z Sinai 
700 1 |a Tokunaga, Risa.  |9 41168 
700 1 |a Iizuka, Masato,  |d 1960-  |9 32852 
901 |a reviewed 
942 |c BK  |2 lcc 
999 |c 20713  |d 20713